Animals by Clue - Statistics

General Stats
  • This quiz has been taken 62 times
  • The average score is 10 of 12
Answer Stats
Hint Answer % Correct
sssss Snake
100%
Bird that lives in Antarctica, and can't fly. Penguin
98%
White and Black Striped Zebra
94%
A pink bird. Flamingo
92%
Has a long neck. Giraffe
92%
Man's best friend. Dog
90%
King of the jungle. Lion
90%
Has 8 legs, and creeps some people out. Spider
90%
Fastest land animal on earth. Cheetah
88%
A very slllooowww animal Sloth
84%
Bird with a red stomach. Robin
62%
What dogs like to chase... Squirrel
58%
No matching quizzes found
Score Distribution
Percent of People with Each Score
Percentile by Number Answered
Your Score History
You have not taken this quiz